[Event "AUS-ch"]
[Site "Cammeray"]
[Date "2018.01.03"]
[Round "3"]
[White "Guichard, Pauline"]
[Black "Willathgamuwa, Kevin"]
[Result "1/2-1/2"]
[WhiteElo "2269"]
[BlackElo "2113"]
[PlyCount "104"]
[EventDate "2018.01.02"]
[EventType "swiss"]
[EventRounds "11"]
[EventCountry "AUS"]
[SourceTitle "CBM 182 Extra"]
[Source "ChessBase"]
[SourceDate "2018.02.23"]
[SourceVersion "1"]
[SourceVersionDate "2018.02.23"]
[SourceQuality "1"]

1. d4 d5 2. Bf4 Nf6 3. e3 e6 4. Nf3 c5 5. Nbd2 Nc6 6. c3 Bd6 7. Bg3 0-0 8. Bd3 b6 9. Qe2 Qc7 10. e4 dxe4 11. Nxe4 Nxe4 12. Bxe4 h6 13. dxc5 Bxg3 14. hxg3 bxc5 15. Qb5 Bb7 16. Qxc5 Rfc8 17. 0-0 Rab8 18. b3 a5 19. Rfd1 a4 20. b4 Ne7 21. Qxc7 Rxc7 22. Bxb7 Rbxb7 23. Rd8+ Kh7 24. Ra8 Nd5 25. a3 Nxc3 26. Kf1 Ra7 27. Rxa7 Rxa7 28. Nd4 Rd7 29. Rc1 Ne4 30. Ne2 Rd3 31. f3 Nf6 32. Ra1 Nd5 33. Kf2 Rd2 34. Ke1 Rb2 35. Rc1 Rb3 36. Nf4 Rxa3 37. Nxd5 exd5 38. Rb1 Rc3 39. Kd2 Rc4 40. b5 a3 41. b6 a2 42. Ra1 Rb4 43. Rxa2 Rxb6 44. Kc3 Rg6 45. g4 Rg5 46. Kd4 Kg6 47. Ra6+ f6 48. Ra5 Re5 49. Rxd5 Re2 50. g3 Rg2 51. Ke3 Ra2 52. Rd2 Ra3+ 1/2-1/2

[Event "AUS-ch"]
[Site "Cammeray"]
[Date "2018.01.02"]
[Round "1"]
[White "Xie, George Wendi"]
[Black "Willathgamuwa, Kevin"]
[Result "1/2-1/2"]
[WhiteElo "2369"]
[BlackElo "2113"]
[PlyCount "139"]
[EventDate "2018.01.02"]
[EventType "swiss"]
[EventRounds "11"]
[EventCountry "AUS"]
[SourceTitle "CBM 182 Extra"]
[Source "ChessBase"]
[SourceDate "2018.02.23"]
[SourceVersion "1"]
[SourceVersionDate "2018.02.23"]
[SourceQuality "1"]

1. Nf3 d5 2. d4 Nf6 3. c4 e6 4. Nc3 Be7 5. Bf4 0-0 6. e3 b6 7. Rc1 c6 8. cxd5 cxd5 9. a3 Bb7 10. Be2 Nc6 11. h3 Rc8 12. 0-0 Na5 13. Nb5 Rxc1 14. Qxc1 a6 15. Bc7 Qa8 16. Nd6 Bxd6 17. Bxd6 Rc8 18. Qb1 Ne4 19. Bf4 Nb3 20. Bd3 a5 21. Rd1 Ba6 22. a4 Bxd3 23. Qxd3 Nc1 24. Qf1 Qc6 25. Ne5 Qc2 26. f3 Nd6 27. Kh2 Ne2 28. Ng6 Nf5 29. Re1 hxg6 30. Qxe2 Qxa4 31. Qa6 Qc2 32. e4 Nh4 33. Re2 Qc4 34. Qxc4 Rxc4 35. Bg5 Nxf3+ 36. gxf3 Rxd4 37. Be3 Rb4 38. exd5 exd5 39. Rd2 Rb3 40. Bd4 Rxf3 41. Bxb6 a4 42. Bc5 d4 43. Kg2 Rb3 44. Ba3 d3 45. Kf3 Kh7 46. Ke3 Kh6 47. Rf2 f5 48. Kd2 Kg5 49. Rg2+ Kh5 50. h4 f4 51. Rg5+ Kxh4 52. Rxg6 Rb7 53. Kxd3 Ra7 54. Ke4 Kh5 55. Rg1 g5 56. Bd6 Ra5 57. Be5 a3 58. b4 Ra4 59. Kf5 Kh4 60. b5 Rb4 61. Ra1 Rxb5 62. Rxa3 Rc5 63. Ra1 Kg3 64. Rg1+ Kf2 65. Rxg5 f3 66. Ke4 Ke2 67. Rf5 f2 68. Rxf2+ Kxf2 69. Bd4+ Ke2 70. Bxc5 1/2-1/2

[Event "Wch U20 56th"]
[Site "Tarvisio"]
[Date "2017.11.20"]
[Round "7"]
[White "Schoppen, Casper"]
[Black "Willathgamuwa, Kevin"]
[Result "1/2-1/2"]
[WhiteElo "2432"]
[BlackElo "1996"]
[PlyCount "108"]
[EventDate "2017.11.13"]
[EventType "swiss"]
[EventRounds "11"]
[EventCountry "ITA"]
[SourceTitle "CBM 181 Extra"]
[Source "ChessBase"]
[SourceDate "2017.12.12"]
[SourceVersion "1"]
[SourceVersionDate "2017.12.12"]
[SourceQuality "1"]

1. d4 d5 2. c4 c6 3. Nf3 Nf6 4. Nc3 e6 5. Bg5 Be7 6. e3 0-0 7. Rc1 h6 8. Bxf6 Bxf6 9. Bd3 Nd7 10. 0-0 dxc4 11. Bxc4 c5 12. Ne4 cxd4 13. Nxf6+ Nxf6 14. Nxd4 Qb6 15. Qb3 Bd7 16. Qxb6 axb6 17. a3 Rfc8 18. Be2 Bc6 19. Rfd1 Nd5 20. Bf3 Kf8 21. h4 Rab8 22. Rc4 Ne7 23. Rdc1 Bxf3 24. Nxf3 Rxc4 25. Rxc4 Rc8 26. Ne5 Ke8 27. Rxc8+ Nxc8 28. h5 Nd6 29. Kf1 f6 30. Nd3 Ne4 31. Ke2 Kd7 32. g4 Kd6 33. f3 Nc5 34. Kd2 Nxd3 35. Kxd3 Kd5 36. Kc3 Kc5 37. b4+ Kc6 38. Kd4 b5 39. Ke4 Kd7 40. Kd4 Kd6 41. e4 e5+ 42. Ke3 Ke6 43. Ke2 Kd6 44. Ke3 Ke6 45. Ke2 Kf7 46. Ke3 g6 47. hxg6+ Kxg6 48. Kf2 h5 49. Kg3 hxg4 50. Kxg4 f5+ 51. Kh4 fxe4 52. fxe4 Kh6 53. Kg4 Kg6 54. Kh4 Kh6 1/2-1/2

[Event "Wch U20 56th"]
[Site "Tarvisio"]
[Date "2017.11.17"]
[Round "5"]
[White "Willathgamuwa, Kevin"]
[Black "Villegas, Franco"]
[Result "1-0"]
[WhiteElo "1996"]
[BlackElo "2328"]
[PlyCount "69"]
[EventDate "2017.11.13"]
[EventType "swiss"]
[EventRounds "11"]
[EventCountry "ITA"]
[SourceTitle "CBM 181 Extra"]
[Source "ChessBase"]
[SourceDate "2017.12.12"]
[SourceVersion "1"]
[SourceVersionDate "2017.12.12"]
[SourceQuality "1"]

1. e4 c5 2. c3 Nf6 3. e5 Nd5 4. d4 cxd4 5. cxd4 g6 6. Nf3 d6 7. Nc3 Nb6 8. exd6 Qxd6 9. Nb5 Qd8 10. Bf4 Nd5 11. Be5 f6 12. Bg3 a6 13. Nc3 Nc6 14. Bc4 Be6 15. Qe2 Qd7 16. 0-0 Nxc3 17. bxc3 Bxc4 18. Qxc4 b5 19. Qe2 Bg7 20. a4 b4 21. d5 Qxd5 22. Rfd1 Qf7 23. cxb4 0-0 24. Qe4 Rac8 25. Rac1 f5 26. Qc4 Qxc4 27. Rxc4 Nd4 28. Rcxd4 Bxd4 29. Nxd4 Rfd8 30. Be5 Rc4 31. b5 Rxa4 32. bxa6 Rxa6 33. Rc1 Ra5 34. Nf3 Rdd5 35. Rc8+ 1-0

[Event "Wch U20 56th"]
[Site "Tarvisio"]
[Date "2017.11.16"]
[Round "4"]
[White "Livaic, Leon"]
[Black "Willathgamuwa, Kevin"]
[Result "1-0"]
[WhiteElo "2470"]
[BlackElo "1996"]
[PlyCount "87"]
[EventDate "2017.11.13"]
[EventType "swiss"]
[EventRounds "11"]
[EventCountry "ITA"]
[SourceTitle "CBM 181 Extra"]
[Source "ChessBase"]
[SourceDate "2017.12.12"]
[SourceVersion "1"]
[SourceVersionDate "2017.12.12"]
[SourceQuality "1"]

1. d4 d5 2. c4 e6 3. Nc3 Be7 4. Nf3 Nf6 5. Bg5 0-0 6. e3 h6 7. Bh4 b6 8. Be2 Bb7 9. Bxf6 Bxf6 10. cxd5 exd5 11. b4 c5 12. bxc5 bxc5 13. Rb1 Bc6 14. 0-0 Nd7 15. Bb5 Qc7 16. Qd2 c4 17. Bxc6 Qxc6 18. Rb5 Nb6 19. Rfb1 Rfb8 20. Nxd5 Bd8 21. Nc3 a6 22. R5b2 Bc7 23. Qc2 Bd6 24. Qe4 Qxe4 25. Nxe4 Bc7 26. Nc3 f5 27. Kf1 Kf7 28. Ke2 Ke6 29. Kd2 g5 30. Ne5 Nd5 31. Nxc4 Rxb2+ 32. Rxb2 Rb8 33. Rxb8 Bxb8 34. h3 h5 35. Nxd5 Kxd5 36. Kd3 g4 37. f3 gxh3 38. gxh3 Ke6 39. e4 Kf6 40. e5+ Ke6 41. f4 Bc7 42. Ne3 Bb6 43. d5+ Kf7 44. Nxf5 1-0

[Event "Wch U20 56th"]
[Site "Tarvisio"]
[Date "2017.11.15"]
[Round "3"]
[White "Lopez Gonzalez, Abel Fabian"]
[Black "Willathgamuwa, Kevin"]
[Result "0-1"]
[WhiteElo "2384"]
[BlackElo "1996"]
[PlyCount "98"]
[EventDate "2017.11.13"]
[EventType "swiss"]
[EventRounds "11"]
[EventCountry "ITA"]
[SourceTitle "CBM 181 Extra"]
[Source "ChessBase"]
[SourceDate "2017.12.12"]
[SourceVersion "1"]
[SourceVersionDate "2017.12.12"]
[SourceQuality "1"]

1. b3 d5 2. Bb2 Nf6 3. e3 g6 4. Bxf6 exf6 5. d4 Bg7 6. g3 0-0 7. Bg2 f5 8. Ne2 Be6 9. c4 c6 10. Qd3 Na6 11. 0-0 Nc5 12. Qc2 Ne4 13. cxd5 Bxd5 14. f3 Ng5 15. Nbc3 Re8 16. h4 Ne6 17. Rad1 Nc7 18. e4 Be6 19. e5 h5 20. f4 Qe7 21. Rd3 Red8 22. Rfd1 Qb4 23. Qd2 Rd7 24. Qc1 Rad8 25. a3 Qxb3 26. Ne4 Qb6 27. Nc5 Re7 28. Qc2 Nd5 29. Rb1 Qc7 30. Rxb7 Qa5 31. Kf2 Rde8 32. Nc1 Rxb7 33. Nxb7 Qc7 34. Nd6 Rb8 35. Nb3 Bf8 36. Qc5 Rd8 37. Na5 Bxd6 38. exd6 Rxd6 39. Rb3 Nb6 40. Re3 Nd7 41. Qc3 Nf6 42. Re2 Bd5 43. Rb2 Ng4+ 44. Kg1 Bxg2 45. Rb7 Qd8 46. Kxg2 Rxd4 47. Rb8 Qxb8 48. Qxd4 Qb5 49. Nc4 Qxc4 0-1

[Event "Wch U20 56th"]
[Site "Tarvisio"]
[Date "2017.11.13"]
[Round "1"]
[White "Tin, Jingyao"]
[Black "Willathgamuwa, Kevin"]
[Result "1-0"]
[WhiteElo "2404"]
[BlackElo "1996"]
[PlyCount "53"]
[EventDate "2017.11.13"]
[EventType "swiss"]
[EventRounds "11"]
[EventCountry "ITA"]
[SourceTitle "CBM 181 Extra"]
[Source "ChessBase"]
[SourceDate "2017.12.12"]
[SourceVersion "1"]
[SourceVersionDate "2017.12.12"]
[SourceQuality "1"]

1. d4 Nf6 2. c4 e5 3. dxe5 Ng4 4. Bf4 Nc6 5. Nf3 Bb4+ 6. Nc3 Qe7 7. Qb3 Ba5 8. Rd1 Ngxe5 9. Nxe5 Nxe5 10. Rd5 Nc6 11. Rxa5 Nxa5 12. Qa4 b6 13. Nd5 Qe4 14. Nxc7+ Kd8 15. e3 Rb8 16. Nb5 Rb7 17. Nd6 Qg6 18. Qd1 Rc7 19. Bd3 Qe6 20. Bf5 Qe7 21. Qd5 Rf8 22. 0-0 Rc5 23. Qa8 Qf6 24. b4 Rc6 25. Rd1 Rxd6 26. Bxd6 Qxf5 27. Qb8 1-0